| 000 | 00000nas##2200000za#4500 |
| 001 | 9.509589 |
| 003 | CaOODSP |
| 005 | 20200325104136 |
| 007 | ta |
| 008 | 150406c2001||||xxc|| m #||||f| |0fre|d |
| 040 | |aCaOODSP|bfre |
| 041 | |aeng |
| 041 | |afre |
| 043 | |an-cn--- |
| 086 | 1 |aRH4-9 |
| 110 | 1 |aCanada.|bDéveloppement des ressources humaines Canada. |
| 245 | 10|aRenseignements sur la santé et la sécurité au travail |
| 260 | |aOttawa - Ontario : |bDéveloppement des ressources humaines Canada |
| 546 | |aBilingue |
| 563 | |aCouverture souple |
| 691 | 07|aNormes du travail|2gcpds |
| 691 | 07|aSanté au travail|2gcpds |
| 776 | 0#|tRenseignements sur la santé et la sécurité au travail |w(CaOODSP)9.503505 |
| 776 | 0#|tInformation on occupational health and safety |w(CaOODSP)9.507112 |
| 791 | |tInformation on occupational health and safety |eeng|w(CaOODSP)9.509588 |